O planeta (Registo nº 2198)

Detalhes MARC
000 -Etiqueta do registo
Cabeçalho 00715nam a22002651 4500
005 - Identificador da versão
Campo de controlo 20240813121927.0
095 ## -
-- PTBN00350101
100 ## - Dados gerais de processamento
Dados gerais de processamento 19990209d1975 c y0pory5003 ba
102 ## - Pais de publicação ou produção
País de publicação Portugal
101 1# - Língua de publicação
Língua do texto, banda sonora, etc. Português
106 ## - Campo de dados codificados: material textual
Dados codificados do material textual r
105 ## - Campo de dados codificados: livros
Dados codificados dos livros a z 000fy
215 ## - Descrição física 
Indicação específica da natureza do documento e extensão da espécie 24 p.
Outras indicações físicas muito il.
Dimensões 16 cm
200 1# - Titulo e menção de responsabilidade
Título próprio O planeta
Primeira menção de responsabilidade Yehia Saleh
Outras menções de responsabilidade trad. Maria Clara Cravo Saleh
225 2# - Colecção 
Título próprio da colecção Mini
Indicação de volume 2
210 ## - Publicação, Distribuição, etc. 
Lugar da edição, distribuição, etc. Lisboa
Nome do editor, distribuidor, etc. Neotema
Data da publicação, distribuição, etc. [1975]
606 ## - Nome comum usado como assunto
Número de registo de entrada de autoridade 0000001
Palavra de ordem Literatura estrangeira infantil
Subdivisão de assunto Conto
675 ## - Classificação Decimal Universal (CDU)
Notação 82-34
Edição
Língua da edição por
702 #1 - Nome de autor-pessoa física (responsabilidade secundária)
Número de registo de entrada de autoridade 0001012
Palavra de ordem Saleh
Outra parte do nome não tomada para palavra de ordem Maria Clara Cravo
700 #1 - Nome de autor-pessoa física (responsabilidade principal)
Número de registo de entrada de autoridade 0001011
Palavra de ordem Saleh
Outra parte do nome não tomada para palavra de ordem Yehia
942 ## - Elementos de entrada adicionados (Koha)
Tipo de item no Koha Livro
Exemplares
Situação do levantamento Origin of item (home branch) (coded) Biblioteca de empréstimo Código de barras Cota Circulation type (not for loan) Tipo de documento Nota do exemplar Damaged status
  Biblioteca Escolar da Coca Maravilhas Biblioteca Escolar da Coca Maravilhas BECM4481/99 8EST SAL   Livro Sem mensagem